Principles and procedures of numerical analysis /
Guardado en:
| Autor Principal: | |
|---|---|
| Otros Autores: | |
| Formato: | Libro |
| Idioma: | English |
| Publicado: |
New York :
Plenum Press,
c1978.
|
| Series: | Mathematical concepts and methods in science and engineering ;
v. 14 |
| Materias: | |
| Etiquetas: |
Agregar Etiqueta
Sin Etiquetas, Sea el primero en etiquetar este registro!
|
| LEADER | 00786cam a2200229 a 4500 | ||
|---|---|---|---|
| 001 | MAT.inmabb002612 | ||
| 008 | 780822s1978####nyua#####b####001#0#eng## | ||
| 005 | 20110316142224.0 | ||
| 245 | 1 | 0 | |a Principles and procedures of numerical analysis / |c Ferenc Szidarovszky and Sidney Yakowitz. |
| 260 | |a New York : |b Plenum Press, |c c1978. | ||
| 300 | |a xii, 331 p. : |b il. ; |c 24 cm. | ||
| 440 | 0 | |a Mathematical concepts and methods in science and engineering ; |v v. 14 | |
| 504 | |a Bibliografía: p. 321-325. | ||
| 510 | 4 | |a MR, |c 80b:65002 | |
| 020 | |a 0306400871 | ||
| 100 | 1 | |a Szidarovszky, Ferenc. | |
| 700 | 1 | |a Yakowitz, Sidney J., |d 1937- | |
| 650 | 0 | |a Numerical analysis. | |
| 084 | |a 65-01 |2 msc2000 | ||
| 010 | |a 78012070 | ||
| 040 | |a DLC |c DLC |d DLC | ||
| 859 | |h 65 |i Sz998 |p A-5030 |b BIB. MATEMATICA | ||
